[Event "Mercosur Cup 2009"]
[Site "Villa Martelli"]
[Date "2009.??.??"]
[Round "7"]
[White "Fusco, Leonardo"]
[Black "Real de Azua, Ernesto"]
[Result "1/2-1/2"]
[WhiteElo "2401"]
[BlackElo "2453"]
[PlyCount "77"]
[EventDate "2009.08.04"]
[EventType "tourn"]
[EventRounds "11"]
[EventCountry "ARG"]
[EventCategory "7"]

1. d4 Nf6 2. c4 e6 3. Nc3 Bb4 4. Qc2 O-O 5. a3 Bxc3+ 6. Qxc3 b6 7. Bg5 Ba6 8.
Qf3 Nc6 9. Bxf6 Qxf6 10. Qxf6 gxf6 11. e3 Ne7 12. Nf3 Bb7 13. O-O-O Rfd8 14.
Kb1 c5 15. Be2 Kf8 16. Rd2 cxd4 17. Rxd4 Ng6 18. Rhd1 Ke7 19. Ne1 Rac8 20. b3
Rc7 21. Kb2 Rg8 22. g3 Ne5 23. Rh4 Rg7 24. Rd2 f5 25. Rhd4 Be4 26. Bd1 Rg6 27.
Bc2 Nc6 28. Rd6 Rh6 29. h4 Ne5 30. R6d4 Bxc2 31. Rxc2 Rg6 32. Rd1 Rg8 33. Nd3
Ng4 34. Nf4 Nf6 35. Nd3 Rgc8 36. Rcc1 Ne4 37. Rg1 Nf6 38. Rgd1 Ne4 39. Rg1
1/2-1/2

[Event "Mercosur Cup 2009"]
[Site "Villa Martelli"]
[Date "2009.??.??"]
[Round "7"]
[White "Oliveira, Silvio Eduardo"]
[Black "Slipak, Sergio"]
[Result "0-1"]
[WhiteElo "2357"]
[BlackElo "2469"]
[PlyCount "96"]
[EventDate "2009.08.04"]
[EventType "tourn"]
[EventRounds "11"]
[EventCountry "ARG"]
[EventCategory "7"]

1. e4 e5 2. Nf3 Nc6 3. Bb5 a6 4. Ba4 Nf6 5. O-O Be7 6. Re1 b5 7. Bb3 d6 8. c3
O-O 9. h3 Nb8 10. d4 Nbd7 11. Nbd2 Bb7 12. Bc2 c5 13. Nf1 Re8 14. Ng3 Bf8 15.
d5 g6 16. a4 c4 17. Bg5 h6 18. Be3 Nc5 19. Qd2 h5 20. Bg5 Be7 21. Ra3 Nh7 22.
Be3 Bf6 23. Rea1 Rb8 24. axb5 axb5 25. Ra5 Bc8 26. Ra7 Re7 27. Ra8 Reb7 28. Ne2
Bd7 29. Rxb8 Qxb8 30. Nc1 Na4 31. Bd1 Bd8 32. Ne1 Nc5 33. f3 Bb6 34. Nc2 Ra7
35. Rxa7 Qxa7 36. Kh2 f5 37. exf5 gxf5 38. f4 Ne4 39. Qe2 Nhf6 40. fxe5 dxe5
41. Qf3 f4 42. Bxb6 Qxb6 43. Ne2 Nf2 44. g3 N6g4+ 45. hxg4 hxg4 46. Qg2 f3 47.
Qf1 Nxd1 48. Ng1 Qh6+ 0-1

[Event "Mercosur Cup 2009"]
[Site "Villa Martelli"]
[Date "2009.??.??"]
[Round "7"]
[White "Trois, Francisco RT"]
[Black "Valerga, Diego"]
[Result "1/2-1/2"]
[WhiteElo "2342"]
[BlackElo "2507"]
[PlyCount "96"]
[EventDate "2009.08.04"]
[EventType "tourn"]
[EventRounds "11"]
[EventCountry "ARG"]
[EventCategory "7"]

1. Nf3 Nf6 2. c4 g6 3. Nc3 Bg7 4. d4 d5 5. Bf4 O-O 6. e3 c6 7. Bd3 Bg4 8. h3
Bxf3 9. Qxf3 e6 10. O-O Nbd7 11. Qe2 Qe7 12. Rfd1 Nh5 13. Bh2 f5 14. g4 Nhf6
15. cxd5 Nxd5 16. Nxd5 cxd5 17. Bb5 a6 18. Bxd7 Qxd7 19. Rac1 Rac8 20. Kg2 Rc6
21. Be5 Bxe5 22. dxe5 f4 23. exf4 Rxf4 24. Qe3 Rfc4 25. Rxc4 Rxc4 26. Rd4 Rc2
27. Qb3 Qc6 28. Qb4 Rc4 29. Qd2 b5 30. Rxc4 dxc4+ 31. Kg3 Qc7 32. f4 Kf7 33.
Kf2 Ke8 34. h4 Qe7 35. Kg3 Qc5 36. a3 h6 37. Qf2 Qxf2+ 38. Kxf2 h5 39. gxh5
gxh5 40. Ke3 Kf7 41. Kd4 Kg6 42. Kc5 Kf5 43. Kb6 Kxf4 44. Kxa6 Kxe5 45. Kxb5
Kf4 46. Kxc4 e5 47. Kd3 Kf3 48. Kd2 Kf2 1/2-1/2

[Event "Mercosur Cup 2009"]
[Site "Villa Martelli"]
[Date "2009.08.11"]
[Round "8"]
[White "Real de Azua, Ernesto"]
[Black "Trois, Francisco RT"]
[Result "1-0"]
[WhiteElo "2453"]
[BlackElo "2342"]
[PlyCount "109"]
[EventDate "2009.08.04"]
[EventType "tourn"]
[EventRounds "11"]
[EventCountry "ARG"]
[EventCategory "7"]

1. e4 c5 2. Nf3 a6 3. c4 Nc6 4. d4 cxd4 5. Nxd4 Nf6 6. Nc3 d6 7. Be2 e6 8. O-O
Be7 9. Be3 O-O 10. Nc2 b6 11. Qd2 Bb7 12. f3 Re8 13. Rfd1 Qc7 14. Rac1 Ne5 15.
Nd4 Rac8 16. b3 Qb8 17. Bf1 Bd8 18. Kh1 Bc7 19. Bg1 Rcd8 20. Na4 Ned7 21. Qc2
Rc8 22. b4 d5 23. exd5 exd5 24. c5 Bf4 25. Rb1 Qc7 26. g3 Be3 27. Bxe3 Rxe3 28.
Qf2 Ra3 29. cxb6 Nxb6 30. Nc5 Nc4 31. Rb3 Rxb3 32. axb3 Nd6 33. Ra1 Ra8 34. Ra5
Qb6 35. Qd2 Bc8 36. Na4 Qb7 37. Nc5 Qb6 38. Bd3 Kf8 39. Qc3 Rb8 40. Ra4 Kg8 41.
Nxa6 Rb7 42. Nc5 Re7 43. Kg2 h5 44. h4 Rc7 45. Ra8 Ra7 46. Na4 Qb7 47. Rxa7
Qxa7 48. b5 Bd7 49. Qb4 Nc8 50. Qc5 Qb7 51. Nc6 Qa8 52. Nd4 Qa5 53. Qc3 Qa7 54.
Bf5 Nd6 55. b6 {por tiempo} 1-0

[Event "Mercosur Cup 2009"]
[Site "Villa Martelli"]
[Date "2009.08.11"]
[Round "8"]
[White "Rodriguez Vila, Andres"]
[Black "Cori Tello, Jorge"]
[Result "1-0"]
[WhiteElo "2522"]
[BlackElo "2424"]
[PlyCount "77"]
[EventDate "2009.08.04"]
[EventType "tourn"]
[EventRounds "11"]
[EventCountry "ARG"]
[EventCategory "7"]

1. e4 e5 2. Nf3 Nc6 3. Bc4 Nf6 4. d3 Be7 5. O-O O-O 6. Re1 d6 7. c3 Na5 8. Bb3
a6 9. Ba4 b5 10. Bc2 c5 11. Nbd2 Re8 12. Nf1 Bf8 13. Bg5 h6 14. Bh4 Nc6 15. Ne3
Be7 16. a4 Be6 17. d4 exd4 18. cxd4 Nb4 19. Bb1 Ng4 20. Bxe7 Qxe7 21. axb5 axb5
22. Rxa8 Rxa8 23. Nd5 Bxd5 24. exd5 Qc7 25. Qd2 Nf6 26. dxc5 Nbxd5 27. cxd6
Qxd6 28. g3 Rd8 29. Qd3 Qb6 30. Ne5 b4 31. Ba2 g6 32. Nxg6 Nc3 33. Bxf7+ Kxf7
34. Ne5+ Kf8 35. Qg6 Qe6 36. bxc3 bxc3 37. Qxh6+ Kg8 38. Qg5+ Kh7 39. Qg6+ 1-0

[Event "Mercosur Cup 2009"]
[Site "Villa Martelli"]
[Date "2009.08.11"]
[Round "8"]
[White "Slipak, Sergio"]
[Black "Fusco, Leonardo"]
[Result "1/2-1/2"]
[WhiteElo "2469"]
[BlackElo "2401"]
[PlyCount "58"]
[EventDate "2009.08.04"]
[EventType "tourn"]
[EventRounds "11"]
[EventCountry "ARG"]
[EventCategory "7"]

1. Nf3 Nf6 2. b3 c5 3. Bb2 Nc6 4. e3 g6 5. Bxf6 exf6 6. c4 d5 7. cxd5 Qxd5 8.
Nc3 Qd7 9. Rc1 b6 10. d4 cxd4 11. Nxd4 Nxd4 12. Qxd4 Qxd4 13. exd4 Ba3 14. Bb5+
Bd7 15. Bxd7+ Kxd7 16. Rc2 Bb4 17. Kd2 Rac8 18. Kd3 Bxc3 19. Rxc3 Rxc3+ 20.
Kxc3 Re8 21. Kd3 f5 22. Rc1 h5 23. b4 h4 24. h3 a6 25. a4 f4 26. b5 axb5 27.
axb5 Ra8 28. Rc2 Ra5 29. Ke4 Rxb5 1/2-1/2

[Event "Mercosur Cup 2009"]
[Site "Villa Martelli"]
[Date "2009.08.11"]
[Round "8"]
[White "Valerga, Diego"]
[Black "Cori Tello, Deysi Estella"]
[Result "1/2-1/2"]
[WhiteElo "2507"]
[BlackElo "2390"]
[PlyCount "97"]
[EventDate "2009.08.04"]
[EventType "tourn"]
[EventRounds "11"]
[EventCountry "ARG"]
[EventCategory "7"]

1. d4 Nf6 2. c4 e6 3. Nc3 Bb4 4. Qc2 d5 5. a3 Bxc3+ 6. Qxc3 O-O 7. Bg5 c6 8. e3
Nbd7 9. Nf3 Ne4 10. Bxd8 Nxc3 11. Bc7 Ne4 12. Nd2 b6 13. cxd5 exd5 14. f3 Ng5
15. Kf2 f5 16. Rc1 Bb7 17. Bd6 Rf7 18. b4 Ne6 19. Nb3 Rc8 20. Bd3 Rf6 21. Be5
Rf7 22. f4 g6 23. Rc2 Nxe5 24. fxe5 f4 25. Rf1 Rcf8 26. Ke2 g5 27. b5 cxb5 28.
Bxb5 g4 29. exf4 Nxf4+ 30. Ke3 h5 31. g3 Ng2+ 32. Rxg2 Rf3+ 33. Kd2 Rxf1 34.
Bxf1 Rxf1 35. Nc1 Ba6 36. Nd3 Rb1 37. Nf4 Bc4 38. Kc2 Ra1 39. Rd2 Ra2+ 40. Kc1
Ra1+ 41. Kb2 Ra2+ 42. Kc1 Rxa3 43. Nxh5 b5 44. Rb2 Rc3+ 45. Rc2 Rd3 46. Rd2
Rc3+ 47. Rc2 Rd3 48. Rd2 Rc3+ 49. Rc2 1/2-1/2

[Event "Mercosur Cup 2009"]
[Site "Villa Martelli"]
[Date "2009.??.??"]
[Round "9"]
[White "Obregon, Carlos"]
[Black "Valerga, Diego"]
[Result "0-1"]
[WhiteElo "2406"]
[BlackElo "2507"]
[PlyCount "70"]
[EventDate "2009.08.04"]
[EventType "tourn"]
[EventRounds "11"]
[EventCountry "ARG"]
[EventCategory "7"]

1. e4 c5 2. Nf3 e6 3. d4 cxd4 4. Nxd4 Nf6 5. Nc3 d6 6. Be2 Be7 7. O-O O-O 8. f4
Qb6 9. Be3 Qxb2 10. Qd2 Qb4 11. Bd3 Qa5 12. Nd5 Qd8 13. Nxe7+ Qxe7 14. e5 Ng4
15. Nf3 dxe5 16. fxe5 Nc6 17. Ng5 h6 18. Nh7 Rd8 19. Nf6+ gxf6 20. exf6 Qd6 21.
Rf4 e5 22. Rxg4+ Bxg4 23. Qf2 h5 24. Bc5 Qd5 25. Qe3 Rd6 (25... e4 26. Bxe4 Qe5
27. Rf1 Rd2) 26. h3 Rxf6 27. hxg4 e4 28. Bxe4 Qe5 29. Rd1 Re8 30. Re1 hxg4 31.
Bxa7 Nxa7 32. Qxa7 Kg7 33. Re2 Qa1+ 34. Kh2 Rh8+ 35. Kg3 Qe5+ 0-1

[Event "Mercosur Cup 2009"]
[Site "Villa Martelli"]
[Date "2009.??.??"]
[Round "9"]
[White "Oliveira, Silvio Eduardo"]
[Black "Rodriguez Vila, Andres"]
[Result "1/2-1/2"]
[WhiteElo "2357"]
[BlackElo "2522"]
[PlyCount "63"]
[EventDate "2009.08.04"]
[EventType "tourn"]
[EventRounds "11"]
[EventCountry "ARG"]
[EventCategory "7"]

1. e4 c5 2. Nf3 a6 3. c4 e6 4. d4 cxd4 5. Nxd4 b6 6. Nc3 Bb7 7. Bd3 d6 8. O-O
Nd7 9. f4 Be7 10. f5 e5 11. Nc2 (11. Ne6 Qc8 12. Nxg7+) 11... Nc5 12. b4 Nxd3
13. Qxd3 Rc8 14. Ne3 Nf6 15. Ba3 O-O 16. Rac1 b5 17. cxb5 Rxc3 18. Rxc3 Bxe4
19. Qe2 d5 20. bxa6 d4 21. Rd1 Qb6 22. Nc4 Qxa6 23. b5 Qxb5 24. Bxe7 dxc3 25.
Bxf6 c2 26. Rc1 Bxf5 27. Qxe5 Qxc4 28. Qxf5 gxf6 29. Qxc2 Qxc2 30. Rxc2 Ra8 31.
Kf2 Kg7 32. Kf3 1/2-1/2

[Event "Mercosur Cup 2009"]
[Site "Villa Martelli"]
[Date "2009.??.??"]
[Round "9"]
[White "Trois, Francisco RT"]
[Black "Slipak, Sergio"]
[Result "0-1"]
[WhiteElo "2342"]
[BlackElo "2469"]
[PlyCount "94"]
[EventDate "2009.08.04"]
[EventType "tourn"]
[EventRounds "11"]
[EventCountry "ARG"]
[EventCategory "7"]

1. c4 e5 2. Nc3 Bb4 3. Qc2 Nf6 4. e3 O-O 5. Nge2 Re8 6. a3 Bf8 7. g3 c6 8. d4
exd4 9. Nxd4 d5 10. cxd5 Nxd5 11. Bg2 Nxc3 12. bxc3 Nd7 13. O-O Nf6 14. Rb1 Qa5
15. e4 Qh5 16. f3 Bc5 17. a4 Bb6 18. Bf4 Bd7 19. g4 Qa5 20. Ra1 Bc7 21. Ne2
Rad8 22. Rfd1 h5 23. Bxc7 Qxc7 24. g5 Nh7 25. f4 Bg4 26. Rxd8 Rxd8 27. Rf1 Nf8
28. h3 Bxe2 29. Qxe2 Ne6 30. e5 Qa5 31. Qxh5 Qxc3 32. Qg4 g6 33. f5 Qe3+ 34.
Kh1 Rd4 35. Qf3 Qxf3 36. Rxf3 Nxg5 37. Rg3 Ne4 38. Bxe4 Rxe4 39. fxg6 Rxa4 40.
g7 Re4 41. Rg5 a5 42. Kg2 a4 43. Kf3 Rb4 44. Rg2 a3 45. Ra2 Ra4 46. h4 b5 47.
h5 Kxg7 0-1

[Event "Mercosur Cup 2009"]
[Site "Villa Martelli"]
[Date "2009.??.??"]
[Round "10"]
[White "Cori Tello, Jorge"]
[Black "Oliveira, Silvio Eduardo"]
[Result "0-1"]
[WhiteElo "2424"]
[BlackElo "2357"]
[PlyCount "102"]
[EventDate "2009.08.04"]
[EventType "tourn"]
[EventRounds "11"]
[EventCountry "ARG"]
[EventCategory "7"]

1. e4 c5 2. Nf3 Nc6 3. Bb5 d6 4. O-O Bd7 5. Re1 Nf6 6. Bf1 Bg4 7. h3 Bh5 8. d3
e6 9. Nbd2 d5 10. exd5 Nxd5 11. c3 Qc7 12. Ne4 Be7 13. Ng3 Bg6 14. c4 Nf6 15.
Be3 Rd8 16. Qb3 O-O 17. Rad1 Nh5 18. Ne4 Nd4 19. Nxd4 cxd4 20. Bd2 Rfe8 21. Qa4
h6 22. Bc1 f5 23. Nd2 e5 24. b4 b6 25. Qb3 Bf6 26. g4 Nf4 27. Nf3 fxg4 28. hxg4
Qd7 29. Nh2 Bg5 30. Bg2 e4 31. Bxe4 Bxe4 32. dxe4 d3 33. c5+ Kh8 34. c6 Qd4 35.
Bxf4 Bxf4 36. Nf3 Qd6 37. Qd5 Qxb4 38. Qf5 Rf8 39. Qe6 Qc3 40. Rf1 Bb8 41. Rc1
Qa3 42. Nh4 Rf6 43. Qc4 d2 44. Rc3 Qd6 45. e5 Qxe5 46. f4 d1=Q 47. fxe5 Rxf1+
48. Qxf1 Qd4+ 49. Qf2 Qxc3 50. Ng6+ Kh7 51. Qf5 Rd1+ 0-1

[Event "Mercosur Cup 2009"]
[Site "Villa Martelli"]
[Date "2009.??.??"]
[Round "10"]
[White "Rodriguez Vila, Andres"]
[Black "Fusco, Leonardo"]
[Result "1-0"]
[WhiteElo "2522"]
[BlackElo "2390"]
[PlyCount "85"]
[EventDate "2009.08.04"]
[EventType "tourn"]
[EventRounds "11"]
[EventCountry "ARG"]
[EventCategory "7"]

1. Nf3 Nf6 2. e3 g6 3. d4 Bg7 4. b3 O-O 5. Bb2 d6 6. Be2 c5 7. O-O cxd4 8. exd4
b6 9. c4 Bb7 10. Nc3 Nbd7 11. d5 a6 12. Nd4 Re8 13. Re1 Qc7 14. Qd2 e5 15. dxe6
fxe6 16. Bf3 Bxf3 17. Nxf3 Rad8 18. Ng5 Nf8 19. Nce4 Nxe4 20. Nxe4 d5 21. Nf6+
Bxf6 22. Bxf6 Rd7 23. Be5 dxc4 24. Qf4 Qd8 25. Bb2 g5 26. Qxc4 b5 27. Qg4 Rd5
28. a4 bxa4 29. Rxa4 Qb6 30. Rb4 Qd6 31. h4 Ng6 32. Rb7 Re7 33. Rxe7 Nxe7 34.
Bf6 Nf5 35. hxg5 Qd7 36. g6 hxg6 37. Qxg6+ Kf8 38. Bb2 Qe7 39. g3 Nxg3 40. Qh6+
Kg8 41. Qg6+ Kf8 42. Ba3 Qxa3 43. Qf6+ 1-0

[Event "Mercosur Cup 2009"]
[Site "Villa Martelli"]
[Date "2009.??.??"]
[Round "10"]
[White "Slipak, Sergio"]
[Black "Cori Tello, Deysi Estella"]
[Result "1/2-1/2"]
[WhiteElo "2469"]
[BlackElo "2390"]
[PlyCount "86"]
[EventDate "2009.08.04"]
[EventType "tourn"]
[EventRounds "11"]
[EventCountry "ARG"]
[EventCategory "7"]

1. d4 Nf6 2. c4 e6 3. Nf3 d5 4. g3 c6 5. Bg2 Bb4+ 6. Bd2 Be7 7. Qc2 Nbd7 8. O-O
O-O 9. Bf4 b6 10. Nc3 Bb7 11. Rfd1 Rc8 12. e4 dxc4 13. Qa4 b5 14. Qxa7 Ba8 15.
Ne5 Bb4 16. Nxd7 Nxd7 17. d5 cxd5 18. exd5 Bc5 19. Qa6 e5 20. Be3 Rb8 21. Re1
Bd4 22. Rad1 Nc5 23. Qa7 Rb7 24. Bxd4 Nd3 25. Bb6 Rxa7 26. Bxd8 Rxd8 27. Re2 b4
28. Nb5 Rxa2 29. Nc7 Bb7 30. Be4 Nxb2 31. Rde1 c3 32. f4 Rd7 33. Bb1 Ra1 34.
Rxe5 g6 35. Ne8 Rxb1 36. Rxb1 c2 37. Rc1 b3 38. Re3 Bxd5 39. Nf6+ Kg7 40. Nxd7
Nd3 41. Rxd3 b2 42. Rdd1 cxd1=Q+ 43. Rxd1 Be4 1/2-1/2